000 00321nam a22001457a 4500
008 210311b ||||| |||| 00| 0 eng d
020 _a9780077652531
041 _aeng
080 _28th
_a33
082 _28th
_a33
100 _a59
101 _aBIZ
245 _aUnderstanding Business
_cNickels,G.W
942 _2udc
_cBK
999 _c56322
_d56322